Popularne polskie piosenki w tym tygodniu. 28.05-03.06 - Statystyki

Ogólne statystyki
  • Ten quiz został rozwiązany 10 razy
  • Średni wynik to 12 z 30
Statystyki odpowiedzi
Wykonawca Wyświetlenia Utwór % Poprawnych
Ekipa ft. Jacuś 9.85M Zygzak
100%
Ekipa 2.34M 3KIPA
89%
Sanah ft. Vito Bambino 1.75M Ale jazz!
89%
Sanah 983K 2:00
78%
Sobel 3.28M Fiołkowe Pole
78%
Sanah 1.53M etc. (na disco)
67%
Ekipa 1.93M Chill
56%
Kizo ft. Wac Toja 1.09M Nasze Lato
56%
Mata 1.12M Patoreakcja
56%
OIO 2.14M Worki W Tłum
56%
OIO 2.32M Amerykańskie Teledyski
44%
Sanah 2.51M ten Stan
44%
Dawid Kwiatkowski 792K Bez Ciebie
33%
Alberto 703K Dwutakt
33%
Hinol Polska Wersja 1.15M Dziś się czuję jak to zwierzę
33%
Guzior ft. Oskar83 807K FALA
33%
Defis & MiłyPan 872K Musisz się starać
33%
Żabson, Kizo & ZetHa 739K Puerto Bounce
33%
Guzior 909K BLUEBERRY
22%
Paluch 688K Każdy blok
22%
Sobel 1.05M Kinol
22%
BARANOVSKI 696K Lubię być z nią
22%
Chivas ft. White 2115 840K Mam Na Twarzy Krew I Tym Razem Nie Jest Sztuczna
22%
OIO 840K Przypadkiem
22%
Ten Preston 694K SHEESH
22%
Sanah 759K To koniec
22%
OIO 873K MVP
11%
Vivat 761K Oddam ci wszystko
11%
Avi & Louis Villain ft. Kabe 664K WPR
11%
Kubańczyk ft. Małach 1.02M Osiedlowe Ławki
0%
Nie znaleziono quizów pasujących do podanych kryteriów
Rozkład punktacji
Procent ludzi z każdym wynikiem
Percentyl według liczby udzielonych odpowiedzi
Twoja historia wyników
Nie rozwiązałeś tego quizu